Modern operating systems / (Record no. 629)
[ view plain ]
| 000 -LEADER | |
|---|---|
| fixed length control field | 00791pam a2200253 a 4500 |
| 001 - CONTROL NUMBER | |
| control field | 629 |
| 003 - CONTROL NUMBER IDENTIFIER | |
| rucl marc code | BD-RjUL |
| 005 - DATE AND TIME OF LATEST TRANSACTION | |
| control field | 20211208233217.0 |
| 008 - FIXED-LENGTH DATA ELEMENTS--GENERAL INFORMATION | |
| fixed length control field | 131119r1992 njua b 001 0 eng |
| 020 ## - INTERNATIONAL STANDARD BOOK NUMBER | |
| International Standard Book Number | 0135881870 |
| 035 ## - SYSTEM CONTROL NUMBER | |
| System control number | (BD-RjUL) 647 |
| 040 ## - CATALOGING SOURCE | |
| Original cataloging agency | DLC |
| Transcribing agency | DLC |
| Modifying agency | DLC |
| Language of cataloging | eng |
| 041 ## - LANGUAGE CODE | |
| Language code of text/sound track or separate title | eng |
| 082 00 - DEWEY DECIMAL CLASSIFICATION NUMBER | |
| Classification number | 005.43 |
| Edition number | 20 |
| Author mark and year | TAM 1997 |
| 100 1# - MAIN ENTRY--PERSONAL NAME | |
| Personal name | Tanenbaum, Andrew S., |
| Dates associated with a name | 1944- |
| 9 (RLIN) | 1914 |
| 245 10 - TITLE STATEMENT | |
| Title | Modern operating systems / |
| Statement of responsibility, etc. | Andrew S. Tanenbaum. |
| 260 ## - PUBLICATION, DISTRIBUTION, ETC. (IMPRINT) | |
| Place of publication, distribution, etc. | New Delhi; Englewood Cliffs, N.J. : |
| Name of publisher, distributor, etc. | Prentice Hall, |
| Date of publication, distribution, etc. | c1992 [reprinted 1997]. |
| 300 ## - PHYSICAL DESCRIPTION | |
| Pagination | xx, 728 p. : |
| Illustrations | ill. ; |
| Size | 25 cm. |
| 504 ## - BIBLIOGRAPHY, ETC. NOTE | |
| Bibliography, etc | Includes bibliographical references (p. 682-703) and index. |
| 650 #0 - SUBJECT ADDED ENTRY--TOPICAL TERM | |
| Topical term or geographic name as entry element | Operating systems (Computers) |
| 9 (RLIN) | 866 |
| 942 ## - ADDED ENTRY ELEMENTS (KOHA) | |
| Source of classification or shelving scheme | Dewey Decimal Classification |
| Koha item type | Books |
| Lost status | Source of classification or shelving scheme | Damaged status | Not for loan | Collection code | Permanent Location | Current Location | Shelving location | Date acquired | Total Checkouts | Full call number | Date last seen | Copy number | Koha item type | Source of acquisition | Cost, normal purchase price |
|---|---|---|---|---|---|---|---|---|---|---|---|---|---|---|---|
| Dewey Decimal Classification | Non-fiction | Central Library, University of Rajshahi | Central Library, University of Rajshahi | 19/11/2013 | 005.43 TAM 1997 | 19/11/2013 | C-3 | Books | |||||||
| Dewey Decimal Classification | Non-fiction | Central Library, University of Rajshahi | Central Library, University of Rajshahi | 23/03/1998 | 005.43 TAM 1997 | 13/11/2016 | C-2 | Books | Dhaka, Ahsania Minon Book Distri. Home | 253.50 | |||||
| Dewey Decimal Classification | Not For Loan | Non-fiction | Central Library, University of Rajshahi | Central Library, University of Rajshahi | Reading Room | 23/03/1998 | 005.43 TAM 1997 | 30/03/2017 | C-1 | Books | Dhaka, Ahsamia Mission Book Dis: House | 255.00 |